[Event "Elitserien Allsvenskan 2019-20"]
[Site "Lund"]
[Date "2020.02.01"]
[Round "5.4"]
[White "Smith, Axel"]
[Black "Alle Wahlin, Ambjorn"]
[Result "0-1"]
[WhiteElo "2469"]
[BlackElo "2257"]
[Annotator "ChessBase"]
[PlyCount "74"]
[EventDate "2019.10.18"]
[EventType "team-tourn"]
[EventCountry "SWE"]
[SourceTitle "playchess.com"]
[Source "ChessBase"]
[SourceQuality "1"]
[TimeControl "40/5400+30:1800+30"]

1. d4 {[%emt 0:01:40]} d5 {[%emt 0:00:00]} 2. c4 {[%emt 0:00:09]} e6 {[%emt 0:00:00]} 3. Nc3 {[%emt 0:01:21]} a6 {[%emt 0:00:33]} 4. cxd5 {[%emt 0:02:06]} exd5 {[%emt 0:01:02]} 5. Nf3 {[%emt 0:05:10]} Nf6 {[%emt 0:00:25]} 6. Bg5 {[%emt 0:00:26]} Be6 {[%emt 0:00:32]} 7. e3 {[%emt 0:01:02]} Nbd7 {[%emt 0:00:29]} 8. Bd3 {[%emt 0:01:47]} h6 {[%emt 0:00:31]} 9. Bh4 {[%emt 0:03:21]} g5 {[%emt 0:01:22]} 10. Bg3 {[%emt 0:00:58]} Nh5 {[%emt 0:01:38]} 11. Be5 {[%emt 0:09:10]} Ng7 {[%emt 0:01:39]} 12. h3 {[%emt 0:07:35]} Nxe5 {[%emt 0:03:18]} 13. Nxe5 {[%emt 0:00:02]} Bd6 {[%emt 0:01:36]} 14. Qf3 {[%emt 0:19:19]} c6 {[%emt 0:16:23]} 15. Rc1 {[%emt 0:09:20]} Qe7 {[%emt 0:06:26]} 16. a3 {[%emt 0:02:31]} h5 {[%emt 0:08:52]} 17. Qe2 {[%emt 0:05:15]} Bf5 {[%emt 0:04:16]} 18. e4 {[%emt 0:08:44]} dxe4 {[%emt 0:10:30]} 19. Nxe4 {[%emt 0:00:01]} Bxe4 {[%emt 0:02:03]} 20. Bxe4 {[%emt 0:02:08]} Kf8 {[%emt 0:13:47]} 21. O-O {[%emt 0:04:58]} Ne6 {[%emt 0:05:30]} 22. Qe3 {[%emt 0:04:36]} Rd8 {[%emt 0:03:06]} 23. Rfd1 {[%emt 0:01:12]} Kg7 {[%emt 0:02:13]} 24. Qc3 {[%emt 0:02:07]} Qf6 {[%emt 0:00:25]} 25. Nc4 {[%emt 0:02:47]} Bf4 {[%emt 0:00:28]} 26. Ne3 {[%emt 0:01:12]} Rhe8 {[%emt 0:09:50]} 27. d5 {[%emt 0:02:27]} Be5 {[%emt 0:02:20]} 28. Qe1 {[%emt 0:01:31]} Nd4 {[%emt 0:01:07]} 29. g3 {[%emt 0:01:02]} cxd5 {[%emt 0:02:28]} 30. Nxd5 {[%emt 0:00:09]} Nf3+ {[%emt 0:00:10]} 31. Bxf3 {[%emt 0:00:10]} Qxf3 {[%emt 0:00:07]} 32. Qe3 {[%emt 0:00:53]} Qf5 {[%emt 0:00:48]} 33. Qb3 {[%emt 0:00:20]} Qxh3 {[%emt 0:00:31]} 34. Rd3 {[%emt 0:00:50]} h4 {[%emt 0:00:15]} 35. Re1 {[%emt 0:00:37]} hxg3 {[%emt 0:00:23]} 36. fxg3 {[%emt 0:00:04]} Bd4+ {[%emt 0:00:13]} 37. Rxd4 {[%emt 0:00:14]} Rxe1+ {[%emt 0:00:05]} 0-1

[Event "Elitserien Allsvenskan 2019-20"]
[Site "Lund"]
[Date "2020.02.01"]
[Round "5.5"]
[White "Lindberg, Bengt"]
[Black "Ahlander, Bjorn"]
[Result "1-0"]
[WhiteElo "2401"]
[BlackElo "2418"]
[Annotator "TA RC"]
[PlyCount "133"]
[EventDate "2019.10.18"]
[EventType "team-tourn"]
[EventCountry "SWE"]
[SourceTitle "playchess.com"]
[Source "ChessBase"]
[SourceQuality "1"]

{[%evp 13,134,35,33,12,31,10,25,15,21,-2,30,4,24,8,0,-15,0,0,0,-11,-24,-38,-21,-3,-10,-13,0,-4,12,0,8,8,8,8,8,0,95,97,107,127,126,128,120,118,177,173,174,180,275,233,333,338,305,248,239,239,273,260,266,237,241,240,262,260,314,325,356,354,405,405,416,413,410,410,371,400,399,376,422,420,423,408,508,518,503,502,505,482,506,505,498,486,439,434,585,560,527,507,1193,534,534,521,519,504,464,442,432,334,338,312,749,667,29992,29993,29993,29994,29994,29995,29995,29996,29996,29995,29999]} 1. e4 c5 2. Nf3 d6 3. d4 cxd4 4. Nxd4 Nf6 5. Nc3 a6 6. Be3 Ng4 7. Bg5 h6 8. Bc1 {B90: Sicilian Najdorf: Unusual White 6th moves, 6 Be3 Ng4 and 6 Be3 e5.} e5 9. Nb3 Be6 (9... Nf6 {is interesting.} 10. Be3 Be7 11. Be2 O-O 12. O-O Qc7) 10. Be2 {White has an edge.} Nf6 11. f4 Qc7 {[#]} 12. O-O $146 ({Predecessor:} 12. Nd5 Bxd5 13. exd5 Nbd7 14. c4 Be7 15. Be3 exf4 16. Bxf4 O-O 17. O-O Rfe8 18. Kh1 {½-½ (41) Mathias,M (2299)-Sprinkhuizen,A (2372) ICCF email 2007}) 12... Nbd7 13. Kh1 Be7 14. Be3 Rc8 15. Qe1 O-O 16. Rd1 Rfe8 17. Bc1 Bf8 18. Qg3 Bc4 19. Bd3 Nh5 20. Qh4 Nxf4 21. Bxf4 exf4 22. Bxc4 Qxc4 23. Qxf4 Nf6 24. Nd4 {aiming for Nd5!} Rc5 {[#]} (24... Kh8 $11) 25. Nd5 $1 $16 {[%mdl 512]} Rxd5 (25... Nxd5 26. Qxf7+) 26. exd5 Re4 27. Qf2 Qxd5 {[#]} 28. Nf5 $1 $36 {[%mdl 2048] Keeping Black busy.} Qe6 {[#]} (28... Qxa2 $16 29. Nxh6+ Kh7) 29. Nxh6+ $1 $18 {[%mdl 512]} Kh7 (29... gxh6 30. Qxf6) 30. Nf5 Qxa2 (30... Kg8 $142 31. Qg3 Re5) 31. b3 Qb2 (31... Qa5 {keeps fighting.} 32. Nxd6 Bxd6) 32. Nxd6 Bxd6 33. Rxd6 {And now Qf5+ would win.} Qe5 34. Rd3 Qg5 35. Rh3+ Kg8 36. Rf3 Re6 37. Rf5 Qg4 38. h3 Qg6 39. Kh2 b5 40. Rc5 Re8 {intending ...Ne4.} 41. Qf5 Qh6 42. Rc8 {Rxe8+ is the strong threat.} Qe3 43. Rf3 Qe7 44. Rxe8+ Nxe8 {[%mdl 4096] Endgame KQR-KQN} 45. Qf4 Nf6 46. Rc3 Qe6 47. Rc5 Qd7 48. Qb8+ Kh7 49. Qe5 Qd2 50. Qg3 g6 51. Rc7 Qd5 52. Qf4 Kg7 53. Re7 b4 54. Qe5 Qc6 55. Rc7 Qb6 (55... Qd5 $142 56. Qxd5 Nxd5) 56. Rc4 (56. Qe7 $142) 56... a5 57. Rf4 Qc6 58. Rf2 Qe6 59. Re2 Qb6 60. g4 {Threatens to win with g5.} Kg8 61. Qf4 Qc6 $2 (61... Nd5 62. Qe5 Nf6) 62. Rf2 Nd7 63. Qxf7+ {White mates.} Kh8 64. Qe8+ Kg7 65. Rf7+ {[%mdl 64] Double Attack} Kh6 66. Qh8+ Kg5 {[#]} 67. h4+ {Played: Qh8-d8} 1-0

[Event "Elitserien Allsvenskan 2019-20"]
[Site "Lund"]
[Date "2020.02.01"]
[Round "5.6"]
[White "Antonsen, Mikkel"]
[Black "Gonzalez, Emilio"]
[Result "1-0"]
[WhiteElo "2384"]
[BlackElo "1972"]
[Annotator "TA"]
[PlyCount "63"]
[EventDate "2019.10.18"]
[EventType "team-tourn"]
[EventCountry "SWE"]
[SourceTitle "playchess.com"]
[Source "ChessBase"]
[SourceQuality "1"]

{[%evp 14,62,25,19,11,21,27,18,97,96,92,75,81,63,72,85,93,62,69,39,91,57,96,94,100,99,125,114,138,147,428,391,427,414,428,418,422,426,424,420,416,407,454,442,29972,29973,29988,29989,29998,29999,29999]} 1. d4 Nf6 2. c4 e6 3. Nf3 b6 4. g3 Bb7 5. Bg2 Be7 6. O-O O-O 7. Re1 Na6 8. Nc3 d5 {E18: Queen's Indian: Old Main Line (4 g3 Bb7 5 Bg2 Be7 6 0-0 0-0 7 Nc3)} 9. cxd5 Nxd5 10. e4 Nf6 (10... Nxc3 $11 11. bxc3 c5) 11. Ne5 $16 {[#]} c6 $146 ({Predecessor:} 11... Nd7 12. Nc4 Re8 13. Bf4 Bf8 14. Qa4 c5 15. Rad1 cxd4 16. Rxd4 Nac5 17. Qd1 Qc8 {1-0 (47) Labib,I (2418)-Naby,S (2261) Egypt 2016}) 12. Be3 Nd7 13. Nf3 Nc7 14. Qc2 c5 15. Red1 cxd4 16. Nxd4 Qc8 ({Black should try} 16... Qe8 $1 $14) 17. Bf4 Bc5 {Hoping for ...e5.} 18. Nb3 Be7 19. Rac1 {aiming for Bxc7.} Nc5 20. Nd4 Rd8 21. b4 Nd7 $2 {[%mdl 8192]} (21... N5a6 $16 {is a better defense.}) 22. Bxc7 $18 Qxc7 {[#]} 23. Nd5 $1 {[%cal Rd5e7][%mdl 576] Double Attack, Discovered Attack} Qxc2 (23... exd5 24. Qxc7) 24. Nxe7+ Kf8 25. Rxc2 Kxe7 26. Rc7 Rab8 27. e5 Bxg2 28. Kxg2 Rbc8 (28... Ke8 $18 29. Nc6 {[%mdl 64] Double Attack} (29. Rxa7 Nxe5 30. Re1 Nd3 $15) 29... Ra8) 29. Nc6+ {[%mdl 64] [#] Double Attack. White mates.} Ke8 30. Rdxd7 $1 {[%mdl 64] Deflection, Back Rank} Rxd7 31. Rxc8+ Rd8 32. Rxd8# {Accuracy: White = 82%, Black = 46%.} 1-0

[Event "Elitserien Allsvenskan 2019-20"]
[Site "Lund"]
[Date "2020.02.01"]
[Round "5.7"]
[White "Olofsson-Dolk, Mattis"]
[Black "Mauritsson, Sebastian"]
[Result "0-1"]
[WhiteElo "2218"]
[BlackElo "2362"]
[Annotator "TA"]
[PlyCount "52"]
[EventDate "2019.10.18"]
[EventType "team-tourn"]
[EventCountry "SWE"]
[SourceTitle "playchess.com"]
[Source "ChessBase"]
[SourceQuality "1"]

{[%evp 15,52,16,17,-2,44,24,26,10,23,12,20,20,14,-4,23,9,21,-15,-18,-19,0,0,0,-28,-28,-27,-26,-19,-25,-23,-33,-27,25,-271,-285,-281,-282,-923,-895]} 1. e4 c5 2. Nf3 d6 3. d4 cxd4 4. Nxd4 Nf6 5. Nc3 a6 6. h3 e6 7. g4 b5 8. Bg2 Bb7 9. O-O {B81: Sicilian Scheveningen: Keres Attack} Qc7 10. g5 Nfd7 11. f4 {White has an edge.} Nc6 12. Be3 Be7 13. f5 Nxd4 {[#]} 14. Bxd4 $146 {aiming for fxe6.} ({Predecessor:} 14. Qxd4 Qc5 15. Qd2 Bxg5 16. Bxc5 Bxd2 17. Bxd6 Be3+ 18. Kh2 Bd4 19. fxe6 fxe6 20. Rad1 {0-1 (25) Kolker,V (2104)-Koch,M (2072) Gladenbach 2011}) 14... Ne5 15. fxe6 fxe6 16. Bxe5 dxe5 17. Qg4 b4 {And now ...Bc5+ would win.} 18. Qxe6 bxc3 19. Qf7+ Kd8 20. Rad1+ Kc8 {Strongly threatening ...Bc5+.} 21. Qe6+ $1 Kb8 22. Rd7 $1 {[%cal Rd7c7][%mdl 64] [#] Double Attack} Qc5+ 23. Kh1 $1 {Black must now prevent b4.} Rf8 (23... Bd8 $142 24. b4 Qb6 25. Qxe5+ {[%mdl 64] Double Attack} Bc7 26. Qxc3 (26. Qxg7 Rc8 $15) 26... Rc8) 24. Rxe7 $4 {[%mdl 8192]} (24. b4 $1 $11 {and White stays safe.} Rxf1+ 25. Bxf1 Qxb4 26. Qxe5+ {[%mdl 64] Double Attack} Bd6 27. Qxd6+ Qxd6 28. Rxd6) 24... Rxf1+ $19 25. Bxf1 {bxc3 is the strong threat.} cxb2 {[%mdl 64] [#] Discovered Attack} 26. Qb3 $2 (26. Rxb7+ Kxb7 27. Qb3+ Kc7 28. Qxb2) 26... Qxe7 {Accuracy: White = 69%, Black = 74%.} 0-1

[Event "Elitserien Allsvenskan 2019-20"]
[Site "Lund"]
[Date "2020.02.01"]
[Round "5.8"]
[White "Dragicevic, Drazen"]
[Black "Lundstedt, Peter"]
[Result "1-0"]
[WhiteElo "2286"]
[BlackElo "2088"]
[Annotator "NA"]
[PlyCount "89"]
[EventDate "2019.10.18"]
[EventType "team-tourn"]
[EventCountry "SWE"]
[SourceTitle "playchess.com"]
[Source "ChessBase"]
[SourceQuality "1"]
[TimeControl "40/5400+30:1800+30"]

1. Nf3 {[%emt 0:00:00]} d5 {[%emt 0:00:00]} 2. g3 {[%emt 0:00:05]} Nf6 {[%emt 0:00:00]} 3. Bg2 {[%emt 0:00:06]} e6 {[%emt 0:00:00]} 4. O-O {[%emt 0:00:28]} Be7 {[%emt 0:00:12]} 5. c4 {[%emt 0:01:31]} O-O {[%emt 0:00:23]} 6. b3 {[%emt 0:00:26]} c5 {[%emt 0:01:12]} 7. cxd5 {[%emt 0:05:37]} Nxd5 {[%emt 0:01:11]} 8. Bb2 {[%emt 0:01:18]} Bf6 {[%emt 0:00:56] A14: English Opening: 1...e6 with b3 by White} 9. d4 {[%emt 0:11:58]} Nc6 {[%emt 0:12:24]} 10. e4 {[%emt 0:08:12]} Nc7 {[%emt 0:00:14]} 11. e5 {[%emt 0:00:46]} Be7 {[%emt 0:00:05]} 12. dxc5 {[%emt 0:02:11]} Bxc5 {[%emt 0:03:39]} 13. Qc2 {[%emt 0:06:28]} Qe7 {[%emt 0:05:27]} 14. a3 {[%emt 0:13:10] [#]} Bd7 $146 {[%emt 0:14:15]} ({Predecessor:} 14... a5 15. Nbd2 Nb5 16. Ne4 Bd4 17. Nxd4 Nbxd4 18. Qc4 b5 19. Qd3 Rd8 20. Nd6 Ba6 21. Bxd4 {1-0 (26) Varnam,L (2124)-Flear,C (2181) Daventry 2014}) 15. Nbd2 {[%emt 0:03:47]} Nd5 {[%emt 0:11:04]} 16. Ne4 {[%emt 0:02:16]} Bb6 {[%emt 0:00:06]} 17. Rad1 {[%emt 0:11:12]} f6 {[%emt 0:10:22]} 18. exf6 {[%emt 0:01:27]} gxf6 {[%emt 0:01:01]} 19. Rfe1 {[%emt 0:01:52]} Qg7 {[%emt 0:12:18]} 20. Nc5 {[%emt 0:08:38]} Bxc5 {[%emt 0:01:55]} 21. Qxc5 {[%emt 0:00:03]} Rac8 $18 {[%emt 0:02:15]} 22. Qd6 {[%emt 0:02:34]} Rfe8 {[%emt 0:10:51]} 23. Bh3 {[%emt 0:01:48]} Rcd8 {[%emt 0:01:13]} 24. Kh1 {[%emt 0:08:08]} Bc8 {[%emt 0:01:04]} 25. Qc5 {[%emt 0:00:10]} Qf8 {[%emt 0:02:07]} 26. Qc4 {[%emt 0:01:28]} Qh6 {[%emt 0:00:12]} 27. Bg2 {[%emt 0:01:55]} Kf7 {[%emt 0:01:05]} 28. b4 {[%emt 0:01:04]} Nb6 {[%emt 0:02:30]} 29. Qb3 {[%emt 0:00:37]} Nd5 {[%emt 0:00:14]} 30. b5 {[%emt 0:01:17]} Nce7 {[%emt 0:02:12]} 31. Nd4 {[%emt 0:00:34]} e5 {[%emt 0:00:55]} 32. Nf3 {[%emt 0:01:46]} Be6 {[%emt 0:00:08]} 33. Qa4 {[%emt 0:00:40]} Ra8 {[%emt 0:01:27]} 34. Re4 {[%emt 0:01:33]} a6 {[%emt 0:01:44]} 35. Rh4 {[%emt 0:00:34]} Qg7 {[%emt 0:00:01]} 36. Re4 {[%emt 0:01:24]} Qh6 {[%emt 0:00:58]} 37. Rde1 {[%emt 0:00:16]} Ng6 {[%emt 0:01:15]} 38. b6 {[%emt 0:00:55]} Rad8 {[%emt 0:00:58]} 39. Qa5 {[%emt 0:00:23]} Rd6 {[%emt 0:00:35]} 40. Nh4 {[%emt 0:00:46]} Nge7 {[%emt 0:00:47]} 41. Bc1 {[%emt 0:04:44]} Qg7 {[%emt 0:02:05]} 42. f4 {[%emt 0:03:35]} Nc6 {[%emt 0:05:08]} 43. Qc5 {[%emt 0:01:36]} Red8 {[%emt 0:01:18]} 44. Bb2 {[%emt 0:05:04]} R8d7 {[%emt 0:18:00]} 45. f5 {[%emt 0:01:26]} 1-0

[Event "Elitserien Allsvenskan 2019-20"]
[Site "Lund"]
[Date "2020.02.01"]
[Round "5.9"]
[White "Gdanski, Jacek"]
[Black "Hector, Jonny"]
[Result "1-0"]
[WhiteElo "2482"]
[BlackElo "2481"]
[Annotator "ChessBase"]
[PlyCount "65"]
[EventDate "2019.10.18"]
[EventType "team-tourn"]
[EventCountry "SWE"]
[SourceTitle "playchess.com"]
[Source "ChessBase"]
[SourceQuality "1"]
[TimeControl "40/5400+30:1800+30"]

1. Nf3 {[%emt 0:03:51]} d5 {[%emt 0:00:00]} 2. c4 {[%emt 0:00:10]} d4 {[%emt 0:00:10]} 3. g3 {[%emt 0:00:17]} Nc6 {[%emt 0:00:31]} 4. Bg2 {[%emt 0:00:10]} e5 {[%emt 0:00:14]} 5. d3 {[%emt 0:00:14]} Nf6 {[%emt 0:01:54]} 6. O-O {[%emt 0:00:07]} Bd6 {[%emt 0:00:09]} 7. a3 {[%emt 0:04:22]} a5 {[%emt 0:00:46]} 8. e3 {[%emt 0:00:03]} O-O {[%emt 0:01:36]} 9. exd4 {[%emt 0:00:03]} exd4 {[%emt 0:01:45]} 10. Bg5 {[%emt 0:00:06]} h6 {[%emt 0:00:32]} 11. Bxf6 {[%emt 0:00:05]} Qxf6 {[%emt 0:00:07]} 12. Nbd2 {[%emt 0:00:04]} Bf5 {[%emt 0:00:53]} 13. Qb3 {[%emt 0:06:04]} Bc5 {[%emt 0:20:08]} 14. Nh4 {[%emt 0:06:35]} Bd7 {[%emt 0:20:48]} 15. Ne4 {[%emt 0:17:44]} Qe7 {[%emt 0:00:31]} 16. Nxc5 {[%emt 0:06:36]} Qxc5 {[%emt 0:00:13]} 17. Qxb7 {[%emt 0:00:28]} Rfb8 {[%emt 0:05:38]} 18. b4 {[%emt 0:05:49]} Qf8 {[%emt 0:01:43]} 19. Qxc7 {[%emt 0:00:49]} Ra7 {[%emt 0:00:12]} 20. Qf4 {[%emt 0:00:33]} g5 {[%emt 0:03:37]} 21. Qf6 {[%emt 0:01:50]} gxh4 {[%emt 0:04:06]} 22. Bxc6 {[%emt 0:07:05]} Bxc6 {[%emt 0:00:27]} 23. Qxc6 {[%emt 0:00:13]} axb4 {[%emt 0:00:58]} 24. axb4 {[%emt 0:00:17]} Rxa1 {[%emt 0:00:27]} 25. Rxa1 {[%emt 0:00:05]} Rxb4 {[%emt 0:06:17]} 26. Qe4 {[%emt 0:05:07]} hxg3 {[%emt 0:03:06]} 27. hxg3 {[%emt 0:00:02]} Qd6 {[%emt 0:05:53]} 28. Ra8+ {[%emt 0:01:21]} Kg7 {[%emt 0:00:18]} 29. Qg4+ {[%emt 0:00:06]} Kf6 {[%emt 0:00:09]} 30. Rd8 {[%emt 0:04:19]} Rb1+ {[%emt 0:04:24]} 31. Kg2 {[%emt 0:00:12]} Qc6+ {[%emt 0:02:41]} 32. Rd5 {[%emt 0:00:45]} Re1 {[%emt 0:02:36]} 33. Qf3+ {[%emt 0:00:54]} 1-0

[Event "Elitserien Allsvenskan 2019-20"]
[Site "Lund"]
[Date "2020.02.01"]
[Round "5.10"]
[White "Brynell, Stellan"]
[Black "Heberla, Bartlomiej"]
[Result "0-1"]
[WhiteElo "2409"]
[BlackElo "2564"]
[Annotator "TA"]
[PlyCount "56"]
[EventDate "2019.10.18"]
[EventType "team-tourn"]
[EventCountry "SWE"]
[SourceTitle "playchess.com"]
[Source "ChessBase"]
[SourceQuality "1"]

{[%evp 11,125,16,19,9,18,11,29,24,46,27,38,34,30,35,32,32,22,40,29,12,15,12,33,40,42,37,37,32,47,0,0,-38,3,-33,84,89,125,0,59,5,16,0,15,0,-7,-172,-164,-466,-231,-231,-168,-160,-122,-139,-104,-166,-185,-189,-173,-150,-55,-97,-22,0,0,0,0,0,0,-8,-10,-78,-65,-69,-75,-93,-95,-64,-27,-25,-6,-24,-7,-41,-30,-66,-59,-59,-59,-89,-73,-76,-70,-85,-80,-103,-59,-82,-55,-62,-52,-60,-29,-80,-42,-342,-339,-317,-177,-317,-309,-454,-332,-339,-337,-29999]} 1. d4 d5 2. Nf3 e6 3. g3 b5 4. Bg2 Nf6 5. O-O Nbd7 6. a4 b4 7. c4 {D02: 1 d4 d5 2 Nf3 sidelines, including 2...Nf6 3 g3 and 2...Nf6 3 Bf4.} bxc3 8. Nxc3 Bb7 9. Bf4 {White has an edge.} c6 10. a5 (10. e4 $5) 10... Ba6 11. Qa4 Rc8 {[#]} 12. Rfc1 $146 ({Predecessor:} 12. Ne5 Nxe5 13. Bxe5 Be7 14. Rfc1 O-O 15. b4 Bc4 16. Bf1 Nd7 17. Bf4 Bf6 18. Bd6 {1-0 (48) Vitiugov,N (2727)-Postny,E (2601) Riga 2019}) 12... Be7 13. b4 O-O 14. b5 Bb7 15. bxc6 Bxc6 16. Qb3 Nh5 17. Bd2 Rb8 18. Qc2 Nhf6 19. Bf4 Rb4 20. Nd2 Rxd4 21. Be3 Rg4 22. h3 Rg6 (22... Rb4 $15 {stays ahead.}) 23. Bxa7 $16 Qa8 {[#]} 24. Bb6 ({Only move:} 24. Be3 $1 $16) 24... e5 (24... Nxb6 $11 25. axb6 Qb8) 25. Nf3 ({White should try} 25. Na4 $14 Rc8 26. Be3) 25... d4 $11 26. Na4 Be4 27. Qd1 Nd5 28. Ne1 $2 {[#]} (28. Nxe5 $11 {and White is okay.} Bxg2 29. Nxg6 fxg6 30. Bxd4 Bxh3 31. Qb3) 28... Bxg2 {Played: Nd5-f4} 0-1

[Event "Elitserien Allsvenskan 2019-20"]
[Site "Lund"]
[Date "2020.02.01"]
[Round "5.11"]
[White "Gajic, Mladen"]
[Black "Jepson, Christian"]
[Result "1/2-1/2"]
[WhiteElo "2295"]
[BlackElo "2384"]
[Annotator "NA"]
[PlyCount "69"]
[EventDate "2019.10.18"]
[EventType "team-tourn"]
[EventCountry "SWE"]
[SourceTitle "playchess.com"]
[Source "ChessBase"]
[SourceQuality "1"]
[TimeControl "40/5400+30:1800+30"]

1. d4 {[%emt 0:00:08]} d6 {[%emt 0:01:00]} 2. e4 {[%emt 0:00:12]} Nf6 {[%emt 0:00:07]} 3. Nc3 {[%emt 0:00:10]} g6 {[%emt 0:00:06]} 4. f4 {[%emt 0:00:25]} Bg7 {[%emt 0:00:17]} 5. e5 {[%emt 0:00:45]} Nfd7 {[%emt 0:04:02]} 6. Be3 {[%emt 0:29:19] B09: Pirc Defence: Austrian Attack} c5 {[%emt 0:08:46]} 7. e6 {[%emt 0:14:25]} (7. exd6 $11 exd6 8. Qd2) 7... fxe6 {[%emt 0:00:21]} 8. dxc5 {[%emt 0:00:24] [#]} Nxc5 $146 {[%emt 0:06:45]} ({Predecessor:} 8... d5 9. Nf3 Nc6 10. Bb5 Nf6 11. Qe2 O-O 12. Bxc6 bxc6 13. Bd4 Nh5 14. g3 Qa5 {1-0 (40) Vogler,T (2295)-Dizdarevic,M Wiesbaden 1993}) 9. Bxc5 {[%emt 0:05:01]} dxc5 {[%emt 0:00:49]} 10. Qxd8+ {[%emt 0:00:11]} Kxd8 {[%emt 0:00:03]} 11. O-O-O+ {[%emt 0:00:05]} Kc7 {[%emt 0:04:42]} 12. Nf3 {[%emt 0:02:23]} Nc6 {[%emt 0:01:10]} 13. g3 {[%emt 0:04:25]} Bxc3 {[%emt 0:04:58]} 14. bxc3 {[%emt 0:00:04]} e5 {[%emt 0:00:08]} 15. Nxe5 {[%emt 0:01:39]} Nxe5 {[%emt 0:01:47]} 16. fxe5 {[%emt 0:00:02]} Be6 {[%emt 0:00:12]} 17. Be2 {[%emt 0:10:02]} Rhf8 {[%emt 0:06:09]} ({Reject} 17... Bxa2 18. c4 $11) 18. Bd3 {[%emt 0:08:55]} Rf3 {[%emt 0:01:06]} 19. Rdf1 {[%emt 0:01:41]} Raf8 {[%emt 0:05:21]} 20. Rxf3 {[%emt 0:01:39]} Rxf3 {[%emt 0:00:09]} 21. Kd2 {[%emt 0:00:30]} Bd5 {[%emt 0:11:56]} ({But not} 21... Bxa2 $6 22. c4 $14) 22. Rf1 {[%emt 0:05:15]} Rxf1 {[%emt 0:19:38]} 23. Bxf1 $11 {[%emt 0:00:18]} Kd7 {[%emt 0:07:11]} 24. c4 {[%emt 0:01:40]} Be4 {[%emt 0:00:19]} 25. Bd3 {[%emt 0:02:27]} Bxd3 {[%emt 0:10:23]} 26. Kxd3 {[%emt 0:00:04]} Kc6 {[%emt 0:00:16]} 27. Ke4 {[%emt 0:03:30]} e6 {[%emt 0:02:07]} 28. Kd3 {[%emt 0:00:39]} a6 {[%emt 0:00:31]} 29. Kc3 {[%emt 0:01:39]} b5 {[%emt 0:00:56]} 30. Kb3 {[%emt 0:00:53]} Kb6 {[%emt 0:00:14]} 31. Kc3 {[%emt 0:01:01]} Kc7 {[%emt 0:01:21]} 32. cxb5 {[%emt 0:02:36]} axb5 {[%emt 0:00:04]} 33. Kb3 {[%emt 0:00:05]} Kc6 {[%emt 0:00:54]} 34. c4 {[%emt 0:01:16]} b4 {[%emt 0:00:07]} 35. a3 {[%emt 0:00:43]} 1/2-1/2

[Event "Elitserien Allsvenskan 2019-20"]
[Site "Lund"]
[Date "2020.02.01"]
[Round "5.12"]
[White "Eklund, Joel"]
[Black "Lukez, Franko"]
[Result "1/2-1/2"]
[WhiteElo "2216"]
[BlackElo "2324"]
[Annotator "TA"]
[PlyCount "37"]
[EventDate "2019.10.18"]
[EventType "team-tourn"]
[EventCountry "SWE"]
[SourceTitle "playchess.com"]
[Source "ChessBase"]
[SourceQuality "1"]

{[%evp 9,37,97,99,104,103,101,107,53,81,41,79,68,77,78,79,71,79,91,112,111,130,137,132,120,152,144,155,139,182,145]} 1. d4 g6 2. e4 Bg7 3. c4 c5 4. d5 b5 5. cxb5 d6 6. Ne2 {A40: Unusual replies to 1 d4.} Nf6 7. Nec3 a6 8. f3 (8. a4 $16) 8... O-O 9. a4 axb5 10. Nxb5 Nfd7 11. N1c3 Na6 {[#]} 12. Be2 $146 ({Predecessor:} 12. Bg5 h6 13. Be3 Nc7 14. Qd2 Kh7 15. Ra3 Nxb5 16. Nxb5 Ba6 17. Be2 Qb8 18. O-O {1-0 (52) Hosken,N (2105)-Horspool,P (2023) England 2015}) 12... Nb4 13. Be3 Ba6 14. Qd2 Qa5 15. O-O Rfc8 16. Ra3 Bxb5 17. axb5 {White is clearly better.} Qd8 18. Rc1 Rab8 19. Rca1 {Accuracy: White = 74%, Black = 76%.} 1/2-1/2

[Event "Elitserien Allsvenskan 2019-20"]
[Site "Lund"]
[Date "2020.02.01"]
[Round "5.13"]
[White "Vernersson, Per"]
[Black "Lindgren, Philip"]
[Result "0-1"]
[WhiteElo "2264"]
[BlackElo "2356"]
[Annotator "TA"]
[PlyCount "48"]
[EventDate "2019.10.18"]
[EventType "team-tourn"]
[EventCountry "SWE"]
[SourceTitle "playchess.com"]
[Source "ChessBase"]
[SourceQuality "1"]

{[%evp 19,48,0,-23,-12,0,-52,-41,-69,0,-41,0,0,25,0,50,0,0,-83,-73,-85,-81,-155,-159,-219,-201,-195,-200,-281,-287,-459,-425]} 1. d4 Nf6 2. c4 e6 3. g3 d5 4. Nf3 Be7 5. Bg2 O-O 6. O-O c6 7. Nbd2 b6 8. Qc2 Bb7 9. e4 Na6 10. e5 Nd7 11. a3 {E06: Closed Catalan: Early deviations} c5 12. cxd5 (12. dxc5 $11 bxc5 13. b3) 12... Bxd5 $15 13. dxc5 {[#] Black is slightly better.} bxc5 $146 ({Black should play} 13... Rc8 $15) ({Predecessor:} 13... Rc8 14. b4 bxc5 15. b5 Nc7 16. Rb1 Rb8 17. a4 a6 18. bxa6 Nxa6 19. Ne4 Rxb1 20. Qxb1 {½-½ (30) Vishnu,P (2467)-Vidit,S (2606) Dharamshala 2014}) 14. b3 Rb8 15. Nc4 Qc7 16. Re1 Qc6 17. Re3 (17. Bg5 {seems wilder.} Bd8 18. Bxd8 Rfxd8 19. Ng5 Nf8 20. Be4) 17... Nc7 {[%cal Ba6c7,Bc7b5,Bb5d4][%mdl 32]} 18. Ne1 (18. Bb2 $11) 18... Nb5 $36 {[%mdl 2048] Keeping White busy.} 19. Bb2 Nd4 20. Bxd4 (20. Qd1 $142) 20... cxd4 21. Re2 {[#]} (21. Rf3 $17 {was necessary.}) 21... Bxg2 $1 $19 22. Nxg2 {[#]} Nc5 $1 {Hoping for ...d3.} 23. Ne1 {[#]} (23. Na5 $142 Qb5 24. Qd1) 23... d3 $1 {[%mdl 512]} 24. Nxd3 (24. Na5 $142 Qb5 25. Nxd3 Nxd3 {[%mdl 64] Discovered Attack} 26. Nc6) 24... Nxb3 {Accuracy: White = 19%, Black = 69%.} 0-1